[Event "Wuerttemberg-ch"]
[Site "Stuttgart"]
[Date "2017.08.29"]
[Round "4"]
[White "Schaffert, Walter"]
[Black "Szczep, Zbigniew"]
[Result "0-1"]
[WhiteElo "2111"]
[BlackElo "2238"]
[PlyCount "40"]
[EventDate "2017.08.26"]
[EventType "swiss"]
[EventRounds "9"]
[EventCountry "GER"]
[SourceTitle "CBM 180 Extra"]
[Source "ChessBase"]
[SourceDate "2017.10.06"]
[SourceVersion "1"]
[SourceVersionDate "2017.10.06"]
[SourceQuality "1"]

1. e4 e6 2. d3 d5 3. Nd2 Nf6 4. Ngf3 b6 5. g3 Bb7 6. Qe2 dxe4 7. dxe4 Ba6 8. c4 Nc6 9. e5 Nd7 10. a3 Bb7 11. Rg1 a5 12. b3 Ndxe5 13. Bb2 Nxf3+ 14. Nxf3 Bc5 15. Bxg7 Rg8 16. Qb2 e5 17. Bxe5 Qe7 18. Be2 Nxe5 19. Nxe5 0-0-0 20. Kf1 Bd4 0-1

[Event "Pula op 30th"]
[Site "Pula"]
[Date "2016.09.16"]
[Round "8"]
[White "Schaffert, Walter"]
[Black "Fucak, Emilijo"]
[Result "1-0"]
[WhiteElo "2099"]
[BlackElo "2208"]
[PlyCount "53"]
[EventDate "2016.09.10"]
[EventType "swiss"]
[EventRounds "9"]
[EventCountry "CRO"]
[SourceTitle "CBM 174 Extra"]
[Source "ChessBase"]
[SourceDate "2016.10.10"]
[SourceVersion "1"]
[SourceVersionDate "2016.10.10"]
[SourceQuality "1"]

1. e4 e6 2. d3 d5 3. Nd2 Nf6 4. Ngf3 Nc6 5. c3 e5 6. Be2 a5 7. 0-0 Bc5 8. Nxe5 Nxe5 9. d4 Nc6 10. exd5 Bxd4 11. dxc6 Bb6 12. cxb7 Bxb7 13. Bf3 Bxf3 14. Re1+ Be4 15. Nxe4 0-0 16. Qxd8 Rfxd8 17. Nxf6+ gxf6 18. Bh6 f5 19. Re5 Rd6 20. Bf4 Rad8 21. Kf1 f6 22. Rxf5 Rd1+ 23. Rxd1 Rxd1+ 24. Ke2 Rb1 25. Rb5 Kf7 26. c4 a4 27. a3 1-0

[Event "Pula op 30th"]
[Site "Pula"]
[Date "2016.09.11"]
[Round "2"]
[White "Schaffert, Walter"]
[Black "Srbis, Jurica"]
[Result "0-1"]
[WhiteElo "2099"]
[BlackElo "2415"]
[PlyCount "84"]
[EventDate "2016.09.10"]
[EventType "swiss"]
[EventRounds "9"]
[EventCountry "CRO"]
[SourceTitle "CBM 174 Extra"]
[Source "ChessBase"]
[SourceDate "2016.10.10"]
[SourceVersion "1"]
[SourceVersionDate "2016.10.10"]
[SourceQuality "1"]

1. e4 c5 2. Nf3 g6 3. d4 cxd4 4. Qxd4 Nf6 5. Nc3 Nc6 6. Qa4 d6 7. e5 dxe5 8. Nxe5 Bd7 9. Nxd7 Qxd7 10. Be3 Bg7 11. Rd1 Qc8 12. Be2 0-0 13. 0-0 a6 14. h3 b5 15. Qb3 Rb8 16. Rfe1 Qc7 17. Nd5 Nxd5 18. Rxd5 e6 19. Rc5 Qd6 20. c3 Rfc8 21. Rd1 Qe7 22. a4 Bf8 23. axb5 Qb7 24. Rg5 Be7 25. Rg4 axb5 26. Bf3 Qc7 27. Bxc6 Qxc6 28. Rgd4 Bc5 29. R4d3 Bxe3 30. Rxe3 Rd8 31. Red3 Rxd3 32. Rxd3 Qe4 33. Qd1 Kg7 34. Rd4 Qe5 35. Rd7 Qf5 36. Qd6 Ra8 37. Qd2 Ra1+ 38. Kh2 Rf1 39. f3 Qe5+ 40. f4 Rxf4 41. Kg1 Re4 42. Kf1 Qh2 0-1

[Event "Wuerttemberg-ch KT"]
[Site "Stuttgart"]
[Date "2016.09.01"]
[Round "6"]
[White "Fuss, Klaus"]
[Black "Schaffert, Walter"]
[Result "0-1"]
[WhiteElo "2055"]
[BlackElo "2069"]
[PlyCount "66"]
[EventDate "2016.08.27"]
[EventType "swiss"]
[EventRounds "9"]
[EventCountry "GER"]
[SourceTitle "EXT 2017"]
[Source "ChessBase"]
[SourceDate "2016.10.25"]
[SourceVersion "1"]
[SourceVersionDate "2016.10.25"]
[SourceQuality "1"]

1. f4 Nf6 2. g3 g6 3. Bg2 Bg7 4. e4 d6 5. d3 0-0 6. Nf3 c5 7. 0-0 Nc6 8. Nc3 Rb8 9. h3 b5 10. g4 b4 11. Ne2 a5 12. f5 Nd7 13. Rb1 Nde5 14. Nf4 e6 15. Be3 exf5 16. exf5 Nxf3+ 17. Bxf3 Nd4 18. fxg6 Nxf3+ 19. Qxf3 hxg6 20. Qd5 Bb7 21. Qc4 Qh4 22. Bf2 Qd8 23. d4 cxd4 24. Bxd4 Rc8 25. Qd3 Ba6 26. Qxa6 Bxd4+ 27. Kh1 Rxc2 28. Rfd1 Be5 29. Qd3 Rf2 30. Nd5 Qh4 31. Rd2 Rxd2 32. Qxd2 Qxh3+ 33. Kg1 Qxg4+ 0-1

[Event "Wuerttemberg-ch MT"]
[Site "Stuttgart"]
[Date "2015.09.06"]
[Round "9"]
[White "Schaffert, Walter"]
[Black "Meschke, Andreas"]
[Result "1/2-1/2"]
[WhiteElo "2091"]
[BlackElo "2098"]
[PlyCount "33"]
[EventDate "2015.08.29"]
[EventType "swiss"]
[EventRounds "9"]
[EventCountry "GER"]
[SourceTitle "EXT 2017"]
[Source "ChessBase"]
[SourceDate "2016.10.25"]
[SourceVersion "1"]
[SourceVersionDate "2016.10.25"]
[SourceQuality "1"]

1. e4 e5 2. Nf3 Nc6 3. Bc4 Bc5 4. c3 Nf6 5. d3 d6 6. Bb3 Bb6 7. Nbd2 0-0 8. 0-0 Be6 9. Re1 Qe8 10. h3 Nd7 11. Nc4 f6 12. d4 Bf7 13. Nh4 Kh8 14. Nxb6 axb6 15. Bxf7 Qxf7 16. b3 Ne7 17. Be3 1/2-1/2

[Event "Wuerttemberg-ch MT"]
[Site "Stuttgart"]
[Date "2015.09.04"]
[Round "7"]
[White "Schaffert, Walter"]
[Black "Kunz, Walter"]
[Result "1/2-1/2"]
[WhiteElo "2091"]
[BlackElo "2167"]
[PlyCount "48"]
[EventDate "2015.08.29"]
[EventType "swiss"]
[EventRounds "9"]
[EventCountry "GER"]
[SourceTitle "EXT 2017"]
[Source "ChessBase"]
[SourceDate "2016.10.25"]
[SourceVersion "1"]
[SourceVersionDate "2016.10.25"]
[SourceQuality "1"]

1. e4 c5 2. Nf3 Nc6 3. Bb5 g6 4. Bxc6 bxc6 5. 0-0 Bg7 6. c3 Nf6 7. d3 0-0 8. h3 d6 9. Qe2 e5 10. c4 Ne8 11. Nh2 Nc7 12. f4 Ne6 13. fxe5 dxe5 14. Nf3 Nd4 15. Qd1 f6 16. Nc3 Rf7 17. b3 Nxf3+ 18. Qxf3 Qd4+ 19. Rf2 Qxc3 20. Bb2 Qb4 21. Bxe5 Be6 22. Bb2 Qb7 23. Qe3 Qd7 24. Qxc5 Rd8 1/2-1/2

[Event "Pula op 29th"]
[Site "Pula"]
[Date "2015.06.18"]
[Round "7"]
[White "Schaffert, Walter"]
[Black "Stocko, Josip"]
[Result "0-1"]
[WhiteElo "2091"]
[BlackElo "2343"]
[PlyCount "109"]
[EventDate "2015.06.13"]
[EventType "swiss"]
[EventRounds "9"]
[EventCountry "CRO"]
[SourceTitle "CBM 167 Extra"]
[Source "ChessBase"]
[SourceDate "2015.09.14"]
[SourceVersion "1"]
[SourceVersionDate "2015.09.14"]
[SourceQuality "1"]

1. e4 c5 2. Nf3 d6 3. b4 cxb4 4. d4 Nf6 5. Bd3 Nc6 6. a3 bxa3 7. h3 a2 8. Na3 e6 9. 0-0 Be7 10. Bd2 d5 11. exd5 exd5 12. Rxa2 0-0 13. Qb1 Ne4 14. Be1 Qb6 15. Nb5 Be6 16. c4 f5 17. c5 Qd8 18. Qa1 a6 19. Nc3 Bf6 20. Na4 g5 21. Ne5 Nxe5 22. dxe5 Be7 23. Qd4 Rc8 24. Rc2 Qc7 25. Bb4 Qc6 26. Ba3 Rf7 27. Re1 h5 28. f3 Ng3 29. Rb1 b5 30. Nb6 Rc7 31. Rbc1 a5 32. Bb2 b4 33. Qf2 h4 34. Bd4 a4 35. Ra1 a3 36. Rb1 Ra7 37. Ra2 Ra5 38. Rxb4 Rxc5 39. Rb1 Rc1+ 40. Rxc1 Qxc1+ 41. Bf1 Qxf1+ 42. Qxf1 Nxf1 43. Kxf1 Rf8 44. Kg1 Rb8 45. Kh2 Bd8 46. Na4 Rb4 47. Nc5 Kf7 48. Rxa3 Rxd4 49. Ra6 Bc8 50. Ra8 Rc4 51. Rxc8 Be7 52. e6+ Kf6 53. Nd7+ Kxe6 54. Rxc4 dxc4 55. Nb6 0-1

[Event "Boeblinger op 31st"]
[Site "Boeblingen"]
[Date "2014.12.26"]
[Round "1"]
[White "Braun, Arik"]
[Black "Schaffert, Walter"]
[Result "1-0"]
[WhiteElo "2549"]
[BlackElo "2110"]
[PlyCount "59"]
[EventDate "2014.12.26"]
[EventType "swiss"]
[EventRounds "9"]
[EventCountry "GER"]
[SourceTitle "CBM 164 Extra"]
[Source "ChessBase"]
[SourceDate "2015.03.02"]
[SourceVersion "1"]
[SourceVersionDate "2015.03.02"]
[SourceQuality "1"]

1. d4 Nf6 2. c4 g6 3. Nc3 Bg7 4. e4 d6 5. Nf3 0-0 6. h3 e5 7. d5 a5 8. Bg5 h6 9. Be3 Na6 10. Nd2 Nh5 11. g3 Nc5 12. Nb3 b6 13. Nxc5 bxc5 14. Be2 Nf6 15. Qd2 Kh7 16. 0-0-0 Ng8 17. g4 f5 18. exf5 gxf5 19. gxf5 e4 20. Nxe4 a4 21. Rhg1 Bxf5 22. Ng3 Ne7 23. Bd3 Rb8 24. Nxf5 Nxf5 25. Rxg7+ Kxg7 26. Bxh6+ Nxh6 27. Rg1+ Kf7 28. Bg6+ Kg7 29. Bf5+ Kf7 30. Qxh6 1-0

[Event "Oeffingen op 4th"]
[Site "Oeffingen"]
[Date "2013.05.20"]
[Round "7"]
[White "Vrabac, Branko"]
[Black "Schaffert, Walter"]
[Result "1-0"]
[WhiteElo "1799"]
[BlackElo "1969"]
[PlyCount "155"]
[EventDate "2013.05.17"]
[EventType "swiss"]
[EventRounds "7"]
[EventCountry "GER"]
[SourceTitle "CBM 154 Extra"]
[Source "ChessBase"]
[SourceDate "2013.06.25"]
[SourceVersion "2"]
[SourceVersionDate "2013.06.25"]
[SourceQuality "1"]

1. d4 Nf6 2. Nc3 d5 3. Nf3 Bf5 4. e3 e6 5. Bd3 Bxd3 6. cxd3 c5 7. 0-0 Nc6 8. Re1 cxd4 9. exd4 Bd6 10. Bg5 0-0 11. Nb5 Be7 12. Ne5 h6 13. Be3 Qb6 14. Qb3 a6 15. Nxc6 bxc6 16. Nc3 Qxb3 17. axb3 Rfb8 18. Na4 Rxb3 19. Red1 Kf8 20. Kf1 Ke8 21. Ke2 Kd7 22. h3 Kc7 23. Rdc1 Nd7 24. Rc2 Rb4 25. Kd2 a5 26. Nc3 Bg5 27. Rac1 Ra6 28. Ne2 Rab6 29. Rb1 a4 30. Ra1 Kd6 31. f4 Bf6 32. Ra2 R6b5 33. Kc1 Ra5 34. Rc3 c5 35. dxc5+ Nxc5 36. Rca3 Nb3+ 37. Kb1 Ra8 38. Nc3 d4 39. Ne4+ Kd5 40. Bd2 Nxd2+ 41. Nxd2 Bh4 42. Nc4 Kc5 43. b3 axb3 44. Rxa8 bxa2+ 45. Kxa2 Rb7 46. Ra5+ Kb4 47. Kb2 Rc7 48. Re5 Bg3 49. Re4 Bf2 50. Kc2 Ra7 51. Kb2 Ra6 52. g4 f6 53. f5 exf5 54. gxf5 Ra7 55. Re2 Bg3 56. Re4 Kc5 57. Nd2 Kd5 58. Nc4 Rb7+ 59. Kc2 Be5 60. Re1 Rb5 61. Rg1 Rb7 62. Ra1 Kc6 63. Na5+ Kc7 64. Nxb7 Kxb7 65. Rg1 Kc6 66. Rxg7 Bf4 67. Rg4 Be3 68. Kb3 Kd5 69. Re4 Kc5 70. Re6 Bg5 71. Ka4 Bh4 72. Re4 Bf2 73. Re8 Bg3 74. Rd8 Bf2 75. Kb3 Bg3 76. Kc2 Bf4 77. Kd1 Bd6 78. Ke2 1-0

[Event "Stuttgart-chA int"]
[Site "Gerlingen"]
[Date "2011.06.03"]
[Round "5"]
[White "Schaffert, Walter"]
[Black "Lube, Manfred"]
[Result "1-0"]
[WhiteElo "1944"]
[BlackElo "1903"]
[PlyCount "31"]
[EventDate "2011.06.02"]
[EventType "swiss"]
[EventRounds "7"]
[EventCountry "GER"]
[SourceTitle "EXT 2018"]
[Source "ChessBase"]
[SourceDate "2017.10.13"]
[SourceVersion "1"]
[SourceVersionDate "2017.10.13"]
[SourceQuality "1"]

1. e4 d6 2. d4 Nf6 3. Nc3 g6 4. f4 Bg7 5. Nf3 0-0 6. Be3 c5 7. dxc5 Qa5 8. Bd3 dxc5 9. 0-0 Nc6 10. e5 Ng4 11. Bd2 c4 12. Be2 Qc5+ 13. Kh1 Nf2+ 14. Rxf2 Qxf2 15. Nd5 Bg4 16. Be3 1-0

[Event "Stuttgart-chB int"]
[Site "Ditzingen"]
[Date "2010.05.15"]
[Round "6"]
[White "Schaffert, Walter"]
[Black "Riegel, Frank"]
[Result "0-1"]
[WhiteElo "1756"]
[BlackElo "1858"]
[PlyCount "90"]
[EventDate "2010.05.13"]
[EventType "swiss"]
[EventRounds "7"]
[EventCountry "GER"]
[SourceTitle "EXT 2018"]
[Source "ChessBase"]
[SourceDate "2017.10.13"]
[SourceVersion "1"]
[SourceVersionDate "2017.10.13"]
[SourceQuality "1"]

1. f4 d5 2. b3 Nf6 3. Nf3 c5 4. Bb2 e6 5. e3 Bd6 6. Bb5+ Bd7 7. Bxd7+ Nbxd7 8. 0-0 Qc7 9. Qe2 0-0 10. d3 Rfe8 11. Nbd2 e5 12. fxe5 Nxe5 13. h3 d4 14. e4 Ng6 15. Nc4 Bg3 16. a4 Nd5 17. Qd2 Bf4 18. Qd1 Ne3 19. Nxe3 Bxe3+ 20. Kh1 Nf4 21. Bc1 Nh5 22. Bxe3 Ng3+ 23. Kg1 Nxf1 24. Bxd4 cxd4 25. Kxf1 Qc5 26. Nd2 a6 27. a5 Re6 28. Nc4 Qg5 29. Kg1 Rh6 30. Kh1 Re8 31. Qg1 Rg6 32. Rf1 Rf6 33. Rf2 Ree6 34. e5 Rh6 35. Qf1 Reg6 36. Rxf7 Qxg2+ 37. Qxg2 Rxg2 38. Nd6 Rg3 39. Rf2 Rgxh3+ 40. Kg2 Rh2+ 41. Kf3 Rxf2+ 42. Kxf2 Rxd6 43. exd6 Kf7 44. Kf3 h5 45. b4 Ke6 0-1

[Event "Stuttgart-chB int"]
[Site "Ditzingen"]
[Date "2010.05.13"]
[Round "1"]
[White "Mager, Denis"]
[Black "Schaffert, Walter"]
[Result "0-1"]
[WhiteElo "1538"]
[BlackElo "1756"]
[PlyCount "68"]
[EventDate "2010.05.13"]
[EventType "swiss"]
[EventRounds "7"]
[EventCountry "GER"]
[SourceTitle "EXT 2018"]
[Source "ChessBase"]
[SourceDate "2017.10.13"]
[SourceVersion "1"]
[SourceVersionDate "2017.10.13"]
[SourceQuality "1"]

1. Nf3 e6 2. d4 f5 3. c4 b6 4. Nc3 Bb4 5. a3 Bxc3+ 6. bxc3 Bb7 7. Bf4 Nf6 8. e3 0-0 9. Bd3 d6 10. 0-0 Nbd7 11. Ng5 Qe7 12. f3 e5 13. Bg3 exd4 14. Re1 dxe3 15. Bf4 h6 16. Rxe3 Ne5 17. Nh3 Nfd7 18. Qc2 Qf6 19. Rd1 Rae8 20. Bxe5 Rxe5 21. Rde1 Rfe8 22. Rxe5 Rxe5 23. Rxe5 Qxe5 24. Kf2 g6 25. Qd2 Kg7 26. g3 Qc5+ 27. Kg2 Ne5 28. Ng1 Qxg1+ 29. Kxg1 Nxf3+ 30. Kf2 Nxd2 31. Ke3 Nf3 32. h3 Kf6 33. Kf4 Ne5 34. Be2 Ba6 0-1